[Event "Mare di Fano op 6th"]
[Site "Fano"]
[Date "2017.07.31"]
[Round "4"]
[White "Esposti, Federico"]
[Black "Giordano, Giulia"]
[Result "1-0"]
[WhiteElo "2061"]
[BlackElo "1945"]
[PlyCount "23"]
[EventDate "2017.07.29"]
[EventType "swiss"]
[EventRounds "9"]
[EventCountry "ITA"]
[SourceTitle "EXT 2018"]
[Source "ChessBase"]
[SourceDate "2017.10.13"]
[SourceVersion "1"]
[SourceVersionDate "2017.10.13"]
[SourceQuality "1"]

1. d4 d5 2. Bf4 Nf6 3. e3 c5 4. Nc3 Nc6 5. Nb5 Qa5+ 6. c3 Kd7 7. dxc5 e5 8. Bg5 Ke6 9. b4 Qd8 10. e4 d4 11. Bc4+ Ke7 12. cxd4 1-0

[Event "Mare di Fano op 6th"]
[Site "Fano"]
[Date "2017.07.31"]
[Round "3"]
[White "Giordano, Giulia"]
[Black "Maddens, Martijn"]
[Result "0-1"]
[WhiteElo "1945"]
[BlackElo "2121"]
[PlyCount "62"]
[EventDate "2017.07.29"]
[EventType "swiss"]
[EventRounds "9"]
[EventCountry "ITA"]
[SourceTitle "EXT 2018"]
[Source "ChessBase"]
[SourceDate "2017.10.13"]
[SourceVersion "1"]
[SourceVersionDate "2017.10.13"]
[SourceQuality "1"]

1. d4 f5 2. c4 Nf6 3. Nc3 d6 4. Nf3 g6 5. Qc2 Bg7 6. g3 0-0 7. Bg2 Qe8 8. d5 Na6 9. 0-0 c6 10. Rd1 h6 11. Rb1 Nc5 12. Nd4 cxd5 13. cxd5 Qf7 14. e3 Nce4 15. Nde2 b5 16. Nxb5 Nxd5 17. Rxd5 Qxd5 18. Nc7 Qb7 19. Nxa8 Qxa8 20. Qb3+ Kh7 21. Nf4 Qc6 22. Qd1 e5 23. Nd5 Be6 24. Nb4 Qb7 25. a3 a5 26. Nd3 Bb3 27. Qe2 Qb5 28. Bf1 Bc4 29. Qc2 Ng5 30. b3 Nf3+ 31. Kh1 Bd5 0-1

[Event "Mare di Fano op 6th"]
[Site "Fano"]
[Date "2017.07.29"]
[Round "1"]
[White "Giordano, Giulia"]
[Black "Nowicki, Bartosz"]
[Result "0-1"]
[WhiteElo "1945"]
[BlackElo "2262"]
[PlyCount "50"]
[EventDate "2017.07.29"]
[EventType "swiss"]
[EventRounds "9"]
[EventCountry "ITA"]
[SourceTitle "EXT 2018"]
[Source "ChessBase"]
[SourceDate "2017.10.13"]
[SourceVersion "1"]
[SourceVersionDate "2017.10.13"]
[SourceQuality "1"]

1. d4 f5 2. c4 Nf6 3. Nc3 e6 4. Nf3 Bb4 5. Qb3 a5 6. g3 b6 7. Bg2 Bb7 8. 0-0 0-0 9. Na4 Na6 10. a3 Be7 11. c5 Bd5 12. Qc2 Be4 13. Qc4 Bd5 14. Qc2 bxc5 15. dxc5 Qb8 16. Nd4 Ne4 17. c6 Bf6 18. Qd3 Nac5 19. Nxc5 Nxc5 20. Qd1 Bxg2 21. Kxg2 Bxd4 22. Qxd4 Nb3 23. Qc3 Nxa1 24. b4 axb4 25. Qxa1 d6 0-1

[Event "EU-ch U16 Girls 26th"]
[Site "Prague"]
[Date "2016.08.26"]
[Round "8"]
[White "Markocic, Spela"]
[Black "Giordano, Giulia"]
[Result "1/2-1/2"]
[WhiteElo "1680"]
[BlackElo "1831"]
[PlyCount "76"]
[EventDate "2016.08.18"]
[EventType "swiss"]
[EventRounds "9"]
[EventCountry "CZE"]
[SourceTitle "CBM 174 Extra"]
[Source "ChessBase"]
[SourceDate "2016.10.10"]
[SourceVersion "1"]
[SourceVersionDate "2016.10.10"]
[SourceQuality "1"]

1. e4 d5 2. exd5 Nf6 3. c4 c6 4. Nc3 cxd5 5. d4 Nc6 6. Nf3 Bg4 7. cxd5 Nxd5 8. Bc4 e6 9. Bxd5 exd5 10. Be3 Qd7 11. h3 Bh5 12. 0-0 Be7 13. Ne5 Bxd1 14. Nxd7 Bh5 15. Ne5 f6 16. Nd3 Rd8 17. Nf4 Bf7 18. Rfe1 Nb4 19. Rad1 0-0 20. Bc1 Rfe8 21. Ne6 Rd7 22. Nc5 Bxc5 23. Rxe8+ Bxe8 24. dxc5 d4 25. a3 dxc3 26. Rxd7 Bxd7 27. axb4 c2 28. Kf1 h5 29. h4 Bf5 30. Ke2 Kf7 31. Ke3 Ke6 32. Kd4 Kd7 33. b5 Ke6 34. b4 Kd7 35. Bf4 Be6 36. Kc3 Bf5 37. Kd4 Be6 38. Kc3 Bf5 1/2-1/2

[Event "EU-ch U16 Girls 26th"]
[Site "Prague"]
[Date "2016.08.24"]
[Round "6"]
[White "Koridze, Lile"]
[Black "Giordano, Giulia"]
[Result "1-0"]
[WhiteElo "1937"]
[BlackElo "1831"]
[PlyCount "67"]
[EventDate "2016.08.18"]
[EventType "swiss"]
[EventRounds "9"]
[EventCountry "CZE"]
[SourceTitle "CBM 174 Extra"]
[Source "ChessBase"]
[SourceDate "2016.10.10"]
[SourceVersion "1"]
[SourceVersionDate "2016.10.10"]
[SourceQuality "1"]

1. d4 d5 2. c4 e6 3. Nc3 Nf6 4. Nf3 c6 5. Bf4 dxc4 6. e3 b5 7. Ne5 Bb7 8. Qf3 Bb4 9. Be2 0-0 10. Bg5 Qa5 11. 0-0 Nd5 12. Nxd5 cxd5 13. Qg4 Qc7 14. Bf6 g6 15. Qg5 Re8 16. Ng4 Nd7 17. f4 Bf8 18. Rf3 h5 19. Rh3 Bg7 20. Bxg7 Kxg7 21. Qh6+ Kg8 22. Ne5 Nxe5 23. fxe5 Qe7 24. Bxh5 Qf8 25. Qg5 Qg7 26. Be2 b4 27. Rf1 Rec8 28. Bd1 c3 29. bxc3 Rxc3 30. Be2 Rac8 31. Qe7 Ba8 32. Ba6 Rb8 33. Qxa7 Qf8 34. Rhf3 1-0

[Event "EU-ch U16 Girls 26th"]
[Site "Prague"]
[Date "2016.08.21"]
[Round "4"]
[White "Nilssen, Ellen Fredericia"]
[Black "Giordano, Giulia"]
[Result "1-0"]
[WhiteElo "1947"]
[BlackElo "1831"]
[PlyCount "55"]
[EventDate "2016.08.18"]
[EventType "swiss"]
[EventRounds "9"]
[EventCountry "CZE"]
[SourceTitle "CBM 174 Extra"]
[Source "ChessBase"]
[SourceDate "2016.10.10"]
[SourceVersion "1"]
[SourceVersionDate "2016.10.10"]
[SourceQuality "1"]

1. d4 d5 2. c4 e5 3. dxe5 d4 4. Nf3 Nc6 5. a3 Bg4 6. Nbd2 Qe7 7. h3 Bxf3 8. Nxf3 0-0-0 9. Qa4 Nxe5 10. Nxe5 Qxe5 11. Qxa7 c6 12. g3 g5 13. h4 Qe4 14. Bxg5 Ne7 15. Bh3+ f5 16. Qa8+ Kd7 17. Qxb7+ Ke8 18. 0-0 Rd7 19. Qb6 Rg8 20. Bg2 Qe6 21. Bxe7 Bxe7 22. Bxc6 Qe5 23. Bxd7+ Kf8 24. Qh6+ Rg7 25. Kh2 Bf6 26. Qf4 Qe7 27. Qb8+ Kf7 28. Qe8+ 1-0

[Event "EU-ch U16 Girls 26th"]
[Site "Prague"]
[Date "2016.08.18"]
[Round "1"]
[White "Giordano, Giulia"]
[Black "Sieber, Fiona"]
[Result "0-1"]
[WhiteElo "1831"]
[BlackElo "2173"]
[PlyCount "54"]
[EventDate "2016.08.18"]
[EventType "swiss"]
[EventRounds "9"]
[EventCountry "CZE"]
[SourceTitle "CBM 174 Extra"]
[Source "ChessBase"]
[SourceDate "2016.10.10"]
[SourceVersion "1"]
[SourceVersionDate "2016.10.10"]
[SourceQuality "1"]

1. d4 Nf6 2. Nf3 e6 3. e3 d5 4. Bd3 c5 5. c3 Nc6 6. Ne5 Qc7 7. f4 Be7 8. Nd2 0-0 9. 0-0 Nd7 10. Qh5 f5 11. Nxd7 Qxd7 12. Rf3 Qe8 13. Qh3 Rf6 14. g4 Rh6 15. Qg2 fxg4 16. Rg3 Qf7 17. Rxg4 e5 18. dxe5 Bxg4 19. Qxg4 c4 20. Bc2 Nxe5 21. fxe5 Rf8 22. Qg2 Bh4 23. Nf1 Bf2+ 24. Kh1 Be1 25. Nd2 Qh5 26. Qxd5+ Kh8 27. Qg2 Rf2 0-1

[Event "Olbia CIG U16 24th"]
[Site "Olbia"]
[Date "2016.06.30"]
[Round "7"]
[White "Giordano, Giulia"]
[Black "Baronio, Gaia"]
[Result "1/2-1/2"]
[WhiteElo "1746"]
[BlackElo "1859"]
[PlyCount "105"]
[EventDate "2016.06.26"]
[EventType "swiss"]
[EventRounds "9"]
[EventCountry "ITA"]
[SourceTitle "EXT 2024"]
[Source "ChessBase"]
[SourceDate "2023.10.10"]
[SourceVersion "1"]
[SourceVersionDate "2023.10.10"]
[SourceQuality "1"]

1. d4 d5 2. e3 Nf6 3. Bd3 e6 4. Nf3 c5 5. c3 Nbd7 6. Ne5 Be7 7. Nd2 0-0 8. f4 b6 9. 0-0 Bb7 10. Qf3 Qc7 11. g4 h6 12. h4 Ne4 13. Qh3 Nxe5 14. dxe5 Rad8 15. g5 h5 16. g6 Qd7 17. gxf7+ Rxf7 18. Nf3 Rf5 19. b4 Rdf8 20. Bb2 g6 21. a3 Kh7 22. Rad1 Qc8 23. Bb1 Rd8 24. Ba2 a5 25. b5 Kg7 26. a4 Kh7 27. Bb1 Qc7 28. Qg2 Qc8 29. Kh2 Rg8 30. Rg1 Qe8 31. Kh3 Ba8 32. Bxe4 dxe4 33. Nd2 Qc8 34. Nxe4 Qb7 35. Ng5+ Bxg5 36. Qxb7+ Bxb7 37. hxg5 Bd5 38. Ra1 Bb3 39. Rgd1 Rb8 40. Rd6 Rf7 41. Bc1 Re7 42. Bd2 Bc2 43. Be1 Kg7 44. Ra2 Bf5+ 45. Kg2 Be4+ 46. Kh3 Bf5+ 47. Kh4 Kf7 48. Rad2 Ke8 49. c4 Be4 50. Kh3 Bf5+ 51. Kg3 Be4 52. Kh4 Bf5 53. Rc6 1/2-1/2

[Event "Olbia CIG U16 24th"]
[Site "Olbia"]
[Date "2016.06.29"]
[Round "5"]
[White "Albi Bachini Conti, Silvia"]
[Black "Giordano, Giulia"]
[Result "1-0"]
[WhiteElo "1723"]
[BlackElo "1746"]
[PlyCount "77"]
[EventDate "2016.06.26"]
[EventType "swiss"]
[EventRounds "9"]
[EventCountry "ITA"]
[SourceTitle "EXT 2024"]
[Source "ChessBase"]
[SourceDate "2023.10.10"]
[SourceVersion "1"]
[SourceVersionDate "2023.10.10"]
[SourceQuality "1"]

1. e4 c5 2. c3 d5 3. exd5 Qxd5 4. d4 cxd4 5. cxd4 Nc6 6. Nf3 e5 7. Nc3 Bb4 8. Be3 exd4 9. Bxd4 Nxd4 10. Qxd4 Qxd4 11. Nxd4 a6 12. Bc4 Nf6 13. 0-0 Bxc3 14. bxc3 0-0 15. Rfe1 Bd7 16. Bb3 Rac8 17. Rac1 Rfe8 18. Rxe8+ Rxe8 19. f3 Re5 20. c4 Rc5 21. Re1 Kf8 22. Kf2 Ne8 23. Re2 Nd6 24. Rc2 a5 25. a3 a4 26. Ba2 Ke7 27. Re2+ Kf6 28. Rc2 Nf5 29. Ne2 Be6 30. Nc3 Ra5 31. Rb2 Nd6 32. Rb4 b5 33. c5 Bxa2 34. cxd6 Bc4 35. Ne4+ Ke6 36. Nc5+ Kf6 37. d7 Ra8 38. Nb7 Ke7 39. Nc5 1-0

[Event "EU-ch U12 Girls 23rd"]
[Site "Budva"]
[Date "2013.10.02"]
[Round "4"]
[White "Zhemchuzhina, Elizaveta"]
[Black "Giordano, Giulia"]
[Result "1/2-1/2"]
[WhiteElo "1684"]
[BlackElo "1620"]
[PlyCount "81"]
[EventDate "2013.09.29"]
[EventType "swiss"]
[EventRounds "9"]
[EventCountry "MNE"]
[SourceTitle "EXT 2014"]
[Source "ChessBase"]
[SourceDate "2013.11.20"]
[SourceVersion "1"]
[SourceVersionDate "2013.11.20"]
[SourceQuality "1"]

1. d4 d5 2. c4 e5 3. dxe5 d4 4. f4 Bc5 5. Nf3 Ne7 6. a3 a5 7. Nbd2 Nbc6 8. Ne4 Ba7 9. b3 0-0 10. Ng3 f6 11. e4 dxe3 12. Qxd8 Nxd8 13. Ke2 fxe5 14. fxe5 Ndc6 15. Bxe3 Bxe3 16. Kxe3 Ng6 17. Be2 Ncxe5 18. Nxe5 Nxe5 19. Rhf1 Re8 20. Kf2 Bd7 21. Kg1 Rad8 22. Rad1 Bc6 23. Nf5 Be4 24. Ne7+ Kh8 25. Nd5 c6 26. Nc7 Rf8 27. Rxf8+ Rxf8 28. Ne6 Re8 29. Nc5 Bc2 30. Rd2 b6 31. Rxc2 bxc5 32. Rd2 g6 33. Kf2 Kg7 34. Bf3 Rb8 35. Bd1 Re8 36. Bf3 Rb8 37. Bd1 Kf6 38. Rd6+ Ke7 39. Rd2 Ke6 40. h3 Kf6 41. Rd6+ 1/2-1/2

[Event "ITA-ch U12 Girls"]
[Site "Courmayeur"]
[Date "2013.07.05"]
[Round "8"]
[White "Palma, Maria"]
[Black "Giordano, Giulia"]
[Result "1/2-1/2"]
[WhiteElo "1620"]
[BlackElo "1632"]
[PlyCount "112"]
[EventDate "2013.06.30"]
[EventType "swiss"]
[EventRounds "9"]
[EventCountry "ITA"]
[SourceTitle "EXT 2024"]
[Source "ChessBase"]
[SourceDate "2023.10.10"]
[SourceVersion "1"]
[SourceVersionDate "2023.10.10"]
[SourceQuality "1"]

1. e4 c5 2. Nf3 d6 3. d4 cxd4 4. Nxd4 Nf6 5. Nc3 a6 6. Bc4 e6 7. a3 b5 8. Ba2 Be7 9. 0-0 0-0 10. Re1 Qc7 11. h3 Rd8 12. Bg5 h6 13. Bh4 Nc6 14. Bg3 Bb7 15. Qd2 Nxd4 16. Qxd4 Rac8 17. Rad1 Qc5 18. Qxc5 dxc5 19. e5 Nh5 20. Ne2 Nxg3 21. Nxg3 Rxd1 22. Rxd1 Rd8 23. Rxd8+ Bxd8 24. c3 Bg5 25. Ne2 Bd2 26. Bb1 Bd5 27. Bd3 c4 28. Bc2 Kf8 29. g3 Ke7 30. Kf1 f6 31. f4 fxe5 32. fxe5 g5 33. a4 Kd7 34. axb5 axb5 35. Nd4 Bc6 36. Nxc6 Kxc6 37. Ke2 Bc1 38. b3 Kd5 39. bxc4+ Kxc4 40. Bd3+ Kxc3 41. Bxb5 Kd4 42. h4 Kxe5 43. hxg5 Bxg5 44. Bd3 Kd4 45. Bc2 e5 46. Kf3 Be3 47. Be4 h5 48. Bg6 Bh6 49. Bxh5 e4+ 50. Ke2 e3 51. Bg6 Ke5 52. Bd3 Kf6 53. g4 Kg5 54. Bf5 Kf4 55. Be6 Bg5 56. Bf5 Ke5 1/2-1/2

[Event "ITA-ch U12 Girls"]
[Site "Courmayeur"]
[Date "2013.07.01"]
[Round "3"]
[White "Giordano, Giulia"]
[Black "Albi Bachini Conti, Silvia"]
[Result "1/2-1/2"]
[WhiteElo "1632"]
[BlackElo "1507"]
[PlyCount "51"]
[EventDate "2013.06.30"]
[EventType "swiss"]
[EventRounds "9"]
[EventCountry "ITA"]
[SourceTitle "EXT 2024"]
[Source "ChessBase"]
[SourceDate "2023.10.10"]
[SourceVersion "1"]
[SourceVersionDate "2023.10.10"]
[SourceQuality "1"]

1. e4 d5 2. exd5 Qxd5 3. Nc3 Qa5 4. d4 c6 5. Nf3 Nf6 6. Bc4 Bf5 7. 0-0 Nbd7 8. Re1 e6 9. Bd2 Qc7 10. Qe2 Bd6 11. Ne5 0-0 12. Bf4 Nd5 13. Nxd5 cxd5 14. Bd3 Bxd3 15. Qxd3 Rac8 16. c3 Rfd8 17. Bg3 Nxe5 18. Bxe5 Bxe5 19. Rxe5 Qc4 20. Qf3 Qb5 21. Re2 Qa4 22. Qd3 Qc4 23. Qc2 b5 24. Re3 b4 25. Rh3 h6 26. Qd2 1/2-1/2

[Event "Sinnai Cup 15th"]
[Site "Sinnai"]
[Date "2012.11.24"]
[Round "4"]
[White "Giordano, Giulia"]
[Black "Lobina, Giulio"]
[Result "0-1"]
[WhiteElo "1619"]
[BlackElo "1823"]
[PlyCount "104"]
[EventDate "2012.11.17"]
[EventType "swiss"]
[EventRounds "6"]
[EventCountry "ITA"]
[SourceTitle "EXT 2024"]
[Source "ChessBase"]
[SourceDate "2023.10.10"]
[SourceVersion "1"]
[SourceVersionDate "2023.10.10"]
[SourceQuality "1"]

1. d4 e6 2. c4 d5 3. Nf3 dxc4 4. Qa4+ Bd7 5. Qxc4 b5 6. Qc2 Nc6 7. e4 Nb4 8. Qb3 a5 9. a3 a4 10. Qd1 Na6 11. Nc3 c6 12. Bd3 Nc7 13. Be3 Nf6 14. h3 Be7 15. 0-0 0-0 16. Rc1 Nfe8 17. Ne5 f5 18. f4 fxe4 19. Bxe4 Nd5 20. Nxd5 exd5 21. Bb1 Rc8 22. f5 Bf6 23. Qh5 Nd6 24. Nxd7 Qxd7 25. g4 Qe8 26. Qxe8 Rfxe8 27. Bf2 Re2 28. Rc2 Rxc2 29. Bxc2 Re8 30. Bd3 Nc4 31. Bxc4 dxc4 32. h4 h6 33. g5 hxg5 34. hxg5 Bxg5 35. Re1 Rxe1+ 36. Bxe1 Be3+ 37. Kf1 Bxd4 38. Bc3 c5 39. Ke2 Kf7 40. Kd2 Kf6 41. Kc2 Kxf5 42. Kb1 g5 43. Ka2 Ke4 44. b4 Bxc3 45. bxc5 g4 46. c6 Be5 47. c7 Bxc7 48. Ka1 g3 49. Kb2 g2 50. Ka2 g1Q 51. Kb2 Be5+ 52. Ka2 Qa1# 0-1

[Event "Cagliari Alfa Lum op 3rd"]
[Site "Cagliari"]
[Date "2012.08.31"]
[Round "1"]
[White "Altea, Alessandro"]
[Black "Giordano, Giulia"]
[Result "1/2-1/2"]
[WhiteElo "1854"]
[BlackElo "1583"]
[PlyCount "89"]
[EventDate "2012.08.31"]
[EventType "swiss"]
[EventRounds "6"]
[EventCountry "ITA"]
[SourceTitle "EXT 2014"]
[Source "ChessBase"]
[SourceDate "2013.11.20"]
[SourceVersion "1"]
[SourceVersionDate "2013.11.20"]
[SourceQuality "1"]

1. Nf3 c5 2. e4 Nc6 3. Nc3 d6 4. d3 Nf6 5. h3 e6 6. Be2 Be7 7. 0-0 d5 8. exd5 exd5 9. Re1 Qc7 10. Bf1 0-0 11. Bg5 d4 12. Ne4 Nd5 13. Bxe7 Ncxe7 14. Qd2 f5 15. Ng3 f4 16. Ne4 h6 17. c3 Nf5 18. cxd4 cxd4 19. Rac1 Qb6 20. Nc5 Nde3 21. fxe3 fxe3 22. Qc2 Qg6 23. Ne5 Qg3 24. Ng4 Nh4 25. Kh1 Bxg4 26. Ne4 Qf4 27. hxg4 Qxg4 28. Qe2 Qg6 29. Rc7 Rae8 30. Rc5 Nf5 31. Kg1 Rxe4 32. Rxf5 Qxf5 33. dxe4 Qf2+ 34. Kh2 Qh4+ 35. Kg1 Qf2+ 36. Kh2 Qh4+ 37. Kg1 Rf2 38. Qc4+ Kh7 39. Qxd4 Rxg2+ 40. Kxg2 Qxe1 41. Qd3 Qf2+ 42. Kh1 Qh4+ 43. Kg1 Qg3+ 44. Kh1 Qh4+ 45. Kg1 1/2-1/2